000 00225nam a22000857a 4500
999 _c11063
_d11063
008 180813b ||||| |||| 00| 0 eng d
100 _aTwain Mark
_96839
245 _aThe Prince and the Pauper
260 _aNew Delhi
_bCampfire
_c2016